| 000 | 00640nam a2200217 a 4500 | ||
|---|---|---|---|
| 001 | 62758 | ||
| 003 | BD-RjUL | ||
| 005 | 20211209081123.0 | ||
| 008 | 170125s1971 ill||||| |||| 001 0 eng d | ||
| 035 | _a(BD-RjUL)62885 | ||
| 040 |
_aBD-RjUL _beng _cBD-RjUL |
||
| 041 | _aeng | ||
| 082 |
_223 _a821.108 _bSIE 1971 |
||
| 100 |
_aSilverstein, Theodore _9186544 |
||
| 245 |
_aEnglish lyrics before 1500 / _c Theodore Silverstein |
||
| 260 |
_aEvanston : _bNorthwestern University Press, _cc1971. |
||
| 300 |
_a184 p. ; _c21 cm. |
||
| 500 | _aIncludes index | ||
| 650 |
_aEnglish poetry _xMiddle English _y1100-1500 _9186545 |
||
| 942 |
_2ddc _cBK |
||
| 999 |
_c62758 _d62758 |
||